| 000 | 00845nam a2200205Ia 4500 | ||
|---|---|---|---|
| 003 | PE SENCICO BE | ||
| 005 | 20251027171034.0 | ||
| 008 | 200515s9999 xx 000 0 und d | ||
| 040 |
_aPE SENCICO BE _cPE SENCICO BE |
||
| 041 | _aspa | ||
| 082 |
_a373.2 _bP8 |
||
| 110 | 1 |
_aPerú _92677 _bMinisterio de Educación |
|
| 245 | 1 | 0 |
_aIV Seminario Internacional de Educación Física y Curso Internacional de Actualización Técnico Pedagógica para profesores de Educación Física : _bProyecto de Cooperación Técnica Educación Física / Perú - R.F.A. / _cMinisterio de Educación |
| 260 |
_aLima _bMinisterio de Educación _c1981 |
||
| 300 |
_a29 p. : _btbl., graf ; _c30 cm. |
||
| 650 | 1 | 0 |
_aEducación física _92720 |
| 650 | 2 | 0 |
_aCongresos _92260 |
| 710 | 1 |
_92721 _aProyecto de Cooperación Técnica Educación Física |
|
| 942 |
_cLIB _2ddc |
||
| 999 |
_c322 _d322 |
||